| 000 | 00640nam a22002530a 4500 | ||
|---|---|---|---|
| 001 | PT30968 | ||
| 003 | AR-LpoUNG | ||
| 005 | 20210131233655.0 | ||
| 008 | 191001s1966||||ag |||||||||||||||||spa d | ||
| 040 |
_aAR-LpoUNG _bspa _cAR-LpoUNG _eaacr |
||
| 041 | _aspa | ||
| 044 | _aag | ||
| 082 | 0 | _aA861 941osc | |
| 100 | 1 |
_aMujica Láinez, Manuel _epres. |
|
| 245 | 1 | 0 | _aOscar Hermes Villordo |
| 260 |
_aBuenos Aires : _bEdiciones Culturales Argentinas, _c1966. |
||
| 300 |
_a126 p. : _bil., gráfs. |
||
| 650 | 4 | _aARGENTINA | |
| 650 | 4 | _aBIOGRAFIAS | |
| 650 | 4 | _aLITERATURA | |
| 651 | 4 | _aArgentina | |
| 905 | _a30968 | ||
| 942 | _cLIB | ||
| 999 |
_c22093 _d22093 |
||